| 000 | 00595nam a2200181 i 4500 | ||
|---|---|---|---|
| 001 | 35248 | ||
| 003 | ES-MaACL | ||
| 005 | 20230906155102.0 | ||
| 007 | t| | ||
| 008 | 030212s1966 sp ||||1| spa d | ||
| 100 | 1 |
_aBolt, Cecil Leonard. _930008 |
|
| 245 | 1 | 3 |
_aLa radio ¡que sencilla! / _cpor C.L. Bolt ; revisada por Thomas Roddam ; traducción del inglés por J.A. López del Río. |
| 260 |
_aMadrid : _bParaninfo, _c1966. |
||
| 300 |
_a222 p. : _b4 map. ; _c22 cm. |
||
| 700 | 1 |
_aRoddam, Thomas. _998104 |
|
| 700 | 1 |
_aLópez del Río, J. A. _973604 |
|
| 852 |
_aES-MaACL _jC-30309 _bR.60283 |
||
| 999 |
_c35248 _d35248 |
||